Ekonomická štatistika zbierka generovaných príkladov

Bibliographic Details
Main Author: Chajdiak, Jozef, 1952-2019 (Author)
Format: Book
Language:Slovak
PhysicalDescription:214 strán 30 cm
Published: Bratislava Vysoká škola ekonomická 1985
Edition:2. vyd.
Series:Vysokoškolské skriptá
Subjects:

MARC

LEADER 00000cam a2200000 a 4500
001 vtls001095226
003 SK-MaSNL
005 20260301180626.0
008 240513s1985 xo frnp 00000 slo
015 |a SNBA1985/05 
020 |q (brožované) 
035 |a SNK000038068 
040 |a SNK  |b slo  |c SNK  |e AACR2 
041 0 |a slo 
044 |a xo  |c SK 
080 |a 31:33(075.8)(076.5)  |2 1981 
080 |a 33(075.8)(076.5)  |2 1981 
080 |a 33  |2 1981 
080 |a 31(075.8)(076.5)  |2 1981 
100 1 |a Chajdiak, Jozef,  |d 1952-2019  |4 aut  |9 211046 
245 1 0 |a Ekonomická štatistika  |b zbierka generovaných príkladov  |c Jozef Chajdiak 
250 |a 2. vyd. 
260 |a Bratislava  |b Vysoká škola ekonomická  |c 1985 
300 |a 214 strán  |c 30 cm 
366 |e 1000 kusov 
490 1 |a Vysokoškolské skriptá 
504 |a Obsahuje bibliografiu 
650 0 7 |a ekonomická štatistika  |2 SNKPH  |9 790 
650 0 7 |a príklady  |2 SNKPH  |9 30624 
655 7 |a učebnice vysokých škôl  |2 SNKPH  |9 70191 
830 0 |a Vysokoškolské skriptá  |9 276440 
852 |a Slovenská národná knižnica 
954 |a odborná, vedecká literatúra pôvodná (slovenská)  |2 lita 
958 |a RK 
958 |a TL 
958 |a NB 
958 |a OND 
958 |a UV 
999 |c 846996  |d 848926 
952 |t P60, <04>, [BOOK], {604}  |a SNK  |b SNK  |y VYP  |7 0  |p 17A0182939  |o snkSB 39243 D1  |0 0  |1 0  |4 0  |d 1999-02-23  |l 0  |r 2004-12-31 00:00:00  |w 2026-02-24 
952 |a SNK  |b SNK  |y PREZ  |7 0  |p 17A0812015  |o snkSB 39243  |0 0  |1 0  |4 0  |d 2012-05-28  |f 1  |l 0  |r 2025-04-23 00:00:00  |w 2026-02-24